<?xml version="1.0" encoding="UTF-8"?>
<collection xmlns="http://www.loc.gov/MARC21/slim">
 <record>
  <leader>00463pamaa2200145   4500</leader>
  <controlfield tag="001">0000052196</controlfield>
  <controlfield tag="005">20140205090000.0</controlfield>
  <controlfield tag="008">140205s2008                             eng  </controlfield>
  <datafield tag="022" ind1="0" ind2="0">
   <subfield code="a">00049514</subfield>
  </datafield>
  <datafield tag="245" ind1="1" ind2="0">
   <subfield code="a">Australian journal of physiotherapy  </subfield>
   <subfield code="c">Vol. 54 No. 1-4, 2008.</subfield>
  </datafield>
  <datafield tag="260" ind1="0" ind2="0">
   <subfield code="a">Australia: </subfield>
   <subfield code="b">The Australia Physiotherapy, </subfield>
   <subfield code="c">2000-.</subfield>
  </datafield>
  <datafield tag="300" ind1=" " ind2=" ">
   <subfield code="a">v: </subfield>
   <subfield code="b">28 cm.</subfield>
  </datafield>
  <datafield tag="500" ind1="0" ind2="0">
   <subfield code="a">Title from cover</subfield>
  </datafield>
  <datafield tag="650" ind1="0" ind2="0">
   <subfield code="a">Physiotherapy -- </subfield>
   <subfield code="x">Periodicals </subfield>
  </datafield>
  <datafield tag="901" ind1=" " ind2=" ">
   <subfield code="u">http://www.physiotherapy.asn.au</subfield>
  </datafield>
 </record>
</collection>
